|
|
|
|
| LEADER |
00604cam a2200157 7i4500 |
| 001 |
0000022382 |
| 005 |
20090303090000.0 |
| 090 |
0 |
0 |
|a EURO 621.69
|b EUR
|
| 245 |
0 |
4 |
|a The EU market for pumps and pump casting :
|b June 2008.
|
| 260 |
0 |
0 |
|a [S.l]:
|b Centre for the Promotion of Imports from Developing Countries [CBI],
|c 2008.
|
| 300 |
# |
# |
|a 17 p.
|
| 650 |
0 |
0 |
|a Pumping machinery --
|x Markets --
|z European Union
|
| 650 |
0 |
0 |
|a Pumps --
|x Markets --
|z European Union
|
| 650 |
0 |
0 |
|a Pump castings --
|x Markets --
|z European Union
|
| 651 |
0 |
0 |
|a European Union
|
| 999 |
|
|
|a 0000023840
|b Book
|c Regions
|e MATRADE Northern Regional Office
|